Statistics for Texas Cities Map Quiz

Click here to take the quiz!

General Stats

  • This quiz has been taken 68,474 times
  • The average score is 9 of 16

Answers on the Map

Answers color-coded by a green-red scale on the quiz's map according to % correct below.
 

Answer Stats

Answer% Correct
Houston
78%
El Paso
77%
Dallas
76%
Austin
65%
Corpus Christi
65%
San Antonio
62%
Texarkana
56%
Amarillo
51%
Brownsville
49%
Laredo
46%
Lubbock
45%
Waco
43%
Wichita Falls
42%
Odessa
40%
McAllen
37%
Abilene
30%

Score Distribution

Percentile by Number Answered

Percent of People with Each Score

Your Score History

You have not taken this quiz